000 02037cam a2200505 i 4500
999 _c4013
_d4013
001 .b30722172
003 OSt
005 20241210104734.0
008 220704t20071993enka c 001 0 eng d
020 _a9780439944038
_q(paperback)
035 _a(OCoLC)973598639
040 _aNZAUC
_beng
_cNZAUC
_dOCLCO
_dOCLCQ
_dNZRPM
_dOCLCF
_dNZHSD
_dBRL
_dAUPTL
_dNZAUC
_dOCLCO
_dRDI
_dKH8
042 _anbic
043 _af-ua---
050 4 _aDT61
_b.D43 2007
082 0 4 _a932.01 DEA
_222
100 1 _aDeary, Terry,
_eauthor.
245 1 0 _aAwesome Egyptians /
_cTerry Deary & Peter Hepplewhite ; illustrated by Martin Brown.
264 1 _aLondon :
_bScholastic,
_c2007.
300 _a140 pages :
_billustrations ;
_c20 cm.
336 _atext
_btxt
_2rdacontent.
336 _astill image
_bsti
_2rdacontent.
337 _aunmediated
_bn
_2rdamedia.
338 _avolume
_bnc
_2rdacarrier.
490 1 _aHorrible histories.
500 _aPrevious edition: London: Scholastic Children's, 1993.
500 _aIncludes index.
520 _a"History with the nasty bits left in. Awful information about phabulous Pharoahs, mean mummies, revolting recipes for 3000 year old sweets, and more. History has never been so horrible!"--Publisher's description.
521 8 _a820L
_bLexile.
521 1 _aAges 9+
648 7 _aTo 332 B.C.
_2fast.
650 7 _aCivilization.
_2fast
_0(OCoLC)fst00862898.
650 7 _aManners and customs.
_2fast
_0(OCoLC)fst01007815.
651 0 _aEgypt
_xHistory
_yTo 332 B.C.
_vChildren's nonfiction.
651 0 _aEgypt
_xSocial life and customs
_yTo 332 B.C.
_vChildren's nonfiction.
651 0 _aEgypt
_xCivilization
_yTo 332 B.C.
_vChildren's nonfiction.
651 7 _aEgypt.
_2fast
_0(OCoLC)fst01208755.
655 4 _aChildren's nonfiction.
_5NZ-WeK.
655 7 _aHistory.
_2fast
_0(OCoLC)fst01411628.
655 0 _aWit and humor, Children's.
700 1 _aHepplewhite, Peter,
_eauthor.
700 1 _aBrown, Martin,
_d1959-,
_eillustrator.
800 1 _aDeary, Terry.
_tHorrible histories.
942 _2ddc
_cNFIC